Countries With The Most Helicopter Carriers (June 2021) - Statistics

General Stats
  • This quiz has been taken 41 times
  • The average score is 6 of 8
Answer Stats
Hint Answer % Correct
10 United States
100%
3 France
92%
4 Japan
92%
2 Australia
81%
1 South Korea
73%
1 Brazil
70%
2 Egypt
41%
1 Thailand
35%
No matching quizzes found
Score Distribution
Percent of People with Each Score
Percentile by Number Answered
Your Score History
You have not taken this quiz